000
00211 a2200097 4500
001
47161
100
_a
Reid P
245
_a
The Colditz Story
260
_a
London
_b
Hodder & Stoughton
_c
090
_c
30217
_d
30217
942
_a
NUST-CAE
_c
M
_c
22467
999
_c
282234
_d
282234